Statistics for Name the 20 tallest Pokémon

Click here to take the quiz!

General Stats

  • This quiz has been taken 9 times
  • The average score is 9 of 20

Answer Stats

HeightPokémon% Correct
21’04”Gyarados
71%
28’10”Onix
71%
17’01”Lugia
57%
23’00”Rayquaza
57%
30’02”Steelix
57%
47’07”Wailord
57%
35’09”Alolan Exeggutor
43%
30’02”Celesteela
43%
17’09”Dialga
43%
65’07”Eternatus
43%
22’08”Giratina (origin forme)
43%
13’01”Lunala
43%
13’09”Palkia
43%
19’00”Yveltal
43%
16’05”Zygarde (50% forme)
43%
13’01”Dragonair
29%
18’01”Guzzlord
29%
14’09”Kyogre
29%
20’04”Milotic
29%
18’01”Stakataka
14%

Score Distribution

Percentile by Number Answered

Percent of People with Each Score

Your Score History

You have not taken this quiz